Maximálna a limitná hodnota durácie kupónovej obligácie

Znalosť cenovej citlivosti. Durácia dlhopisu. Analýza durácie obligácie, ktorá sa predáva za menovitú alebo nad menovitú hodnotu, pod menovitú hodnotu. Základné fakty o durácii obligácie.

Saved in:
Bibliographic Details
Main Author: Šoltés, Vincent
Other Authors: Šoltés, Michal
Format: Book Chapter
Language:Slovak
Subjects:
Tags: Add Tag
No Tags, Be the first to tag this record!

MARC

LEADER 00000naa$a2200000$$$4500
001 0069122
005 20231107071738.3
041 0 |a slo 
044 |a CZ 
245 1 0 |a Maximálna a limitná hodnota durácie kupónovej obligácie  |c Vincent Šoltés, Michal Šoltés 
520 |a Znalosť cenovej citlivosti. Durácia dlhopisu. Analýza durácie obligácie, ktorá sa predáva za menovitú alebo nad menovitú hodnotu, pod menovitú hodnotu. Základné fakty o durácii obligácie. 
610 2 0 |a obligácie 
610 2 0 |a durácia 
610 2 0 |a dlhopisy 
610 2 0 |a výnosy 
100 1 |a Šoltés, Vincent 
700 1 |a Šoltés, Michal